000
00243nam a2200097Ia 4500
001
1250272
005
20251031150853.0
008
251031s9999 xx 000 0 und d
245
0
_c
ATAKAN BÜYÜKDAĞ
_a
A-4 KAVGAMIZ
260
_b
DESTEK YAYINLARI
999
_c
1250272
_d
1250272